| 000 | 01834nam a2200301 a 4500 | ||
|---|---|---|---|
| 999 |
_c517 _d517 |
||
| 003 | AR-BaISA | ||
| 005 | 20190326102613.0 | ||
| 007 | ta | ||
| 008 | 140829s2014 sp ado | |||| 001 0 spa d | ||
| 020 | _a9788490224632 | ||
| 040 | _cAR-BaISA | ||
| 082 | 0 | 4 |
_222 _a611.013 C196 |
| 100 | 1 | 0 |
_aCarlson, Bruce M. _d1938- _4aut. _91278 |
| 245 | 1 | 0 |
_aEmbriología humana y biología del desarrollo / _cBruce M. Carlson y Piranit Nik Kantaputra |
| 250 | _a5ª ed. | ||
| 260 |
_aBarcelona: _bElsevier, _c2014 |
||
| 300 |
_aXIII, 505 p.: _bil., graf., fot.; _c28 cm. |
||
| 336 |
_aTexto (visual) _2isbdcontent |
||
| 337 |
_asin mediación _2isbdmedia |
||
| 500 | _aAcceso a Student Consult ubicado en la cubierta | ||
| 504 | _aBibliografía al final de cada capítulo | ||
| 504 | _aÍndice analítico p: 479-505 | ||
| 505 |
_tPRIMEROS ESTADIOS DEL DESARROLLO EMBRIONARIO Y RELACIÓN MATERNO-FETAL: _tPreparación del embarazo -- _tTransporte de los gametos y fecundación -- _tSegmentación del cigoto e implantación del embrión -- _tBases moleculares del desarrollo embrionario -- _tFormación de las capas germinales y sus primeros derivados -- _tOrganización del plan corporal básico del embrión -- _tPlacenta y membranas extraembrionarias -- _tTrastornos del desarrollo: causas, mecanismos y tipos -- _tDESARROLLO DE LOS SISTEMAS CORPORALES: _tSistemas tegumentario, esquelético y muscular -- _tDesarrollo de las extremidades -- _tSistema nervioso -- _tCresta neural -- _tÓrganos de los sentidos -- _tCabeza y cuello -- _tSistemas digestivo y respiratorio y cavidades corporales -- _tSistema urogenital -- _tAparato cardiovascular -- _tPeríodo fetal y nacimiento |
||
| 650 | 1 | 4 |
_aEmbriología humana _91279 |
| 650 | 1 | 4 |
_aBiología del desarrollo _24 _91280 |
| 700 | 1 |
_aKantaputra, Piranit Nik _91281 _eaut. |
|
| 942 |
_2ddc _cLI |
||